[Event "Saint John op-2"]
[Site "Saint John CAN"]
[Date "1988.??.??"]
[Round "?"]
[White "Hebert, Jean"]
[Black "Christiansen, Larry"]
[Result "1/2-1/2"]
[WhiteElo "2400"]
[BlackElo "2575"]
[PlyCount "79"]
[GameId "2160767912586720"]
[EventDate "1988.02.08"]
[EventType "swiss"]
[EventRounds "9"]
[EventCountry "CAN"]
[SourceTitle "CBM 006"]
[Source "ChessBase"]
[SourceDate "2004.01.01"]
[SourceVersion "1"]
[SourceVersionDate "2004.01.01"]
[SourceQuality "1"]

1. Nf3 Nf6 2. g3 d5 3. Bg2 Bg4 4. c4 c6 5. cxd5 Bxf3 6. Bxf3 cxd5 7. d3 Nc6 8. Nc3 e6 9. O-O Be7 10. e4 d4 11. Ne2 O-O 12. Bg2 Rc8 13. b3 Qb6 14. Bg5 Nd7 15. Bxe7 Nxe7 16. Qd2 Nc5 17. Rac1 Nc6 18. Rc4 a5 19. Rfc1 Nb4 20. Nf4 Qa7 21. Rb1 b5 22. Rcc1 e5 23. a3 exf4 24. axb4 axb4 25. gxf4 Qa3 26. Qc2 g6 27. Bh3 Rc7 28. Qd1 Qa6 29. e5 Re8 30. Qf3 Qa2 31. Ra1 Qxb3 32. Ra8 Rxa8 33. Qxa8+ Kg7 34. Qd8 Rc6 35. Rxc5 Rxc5 36. Qf6+ Kh6 37. Qg5+ Kg7 38. Qf6+ Kh6 39. Qg5+ Kg7 40. Qf6+ 1/2-1/2

[Event "Saint John op-2"]
[Site "Saint John CAN"]
[Date "1988.??.??"]
[Round "?"]
[White "Hebert, Jean"]
[Black "Foisor, Ovidiu"]
[Result "1/2-1/2"]
[WhiteElo "2400"]
[BlackElo "2495"]
[PlyCount "37"]
[GameId "2160767912586721"]
[EventDate "1988.02.08"]
[EventType "swiss"]
[EventRounds "9"]
[EventCountry "CAN"]
[SourceTitle "CBM 006"]
[Source "ChessBase"]
[SourceDate "2004.01.01"]
[SourceVersion "1"]
[SourceVersionDate "2004.01.01"]
[SourceQuality "1"]

1. Nf3 Nf6 2. g3 g6 3. Bg2 Bg7 4. O-O O-O 5. c4 c6 6. d4 d6 7. Nc3 Qa5 8. h3 Be6 9. Qd3 d5 10. cxd5 cxd5 11. Ne5 Nc6 12. Bf4 Rfc8 13. Rfc1 Qb4 14. Nxc6 Rxc6 15. Qb5 Qxb5 16. Nxb5 Ne8 17. e3 Bd7 18. Rxc6 Bxc6 19. Nc3 1/2-1/2

[Event "Saint John op-2"]
[Site "Saint John CAN"]
[Date "1988.??.??"]
[Round "?"]
[White "Hebert, Jean"]
[Black "Lputian, Smbat G"]
[Result "0-1"]
[WhiteElo "2400"]
[BlackElo "2555"]
[PlyCount "114"]
[GameId "2160767912586722"]
[EventDate "1988.02.08"]
[EventType "swiss"]
[EventRounds "9"]
[EventCountry "CAN"]
[SourceTitle "CBM 006"]
[Source "ChessBase"]
[SourceDate "2004.01.01"]
[SourceVersion "1"]
[SourceVersionDate "2004.01.01"]
[SourceQuality "1"]

1. Nf3 d5 2. d4 c5 3. c4 dxc4 4. e3 cxd4 5. exd4 Be6 6. Na3 Nf6 7. Nxc4 Nc6 8. Nce5 Bd5 9. Bd3 g6 10. O-O Bg7 11. Be3 O-O 12. a3 Nd7 13. Nxc6 bxc6 14. b4 Re8 15. Rc1 Qb8 16. Bc4 a5 17. Qb3 axb4 18. axb4 e6 19. Bxd5 cxd5 20. b5 Ra7 21. g3 Rb7 22. Rb1 Nb6 23. Nd2 Qd8 24. Rfc1 Qe7 25. Rc6 Ra8 26. Qc2 h5 27. h4 Bf6 28. Qc5 Na4 29. Rc8+ Rxc8 30. Qxc8+ Kg7 31. Ra1 Nb6 32. Qc6 Qd7 33. Ra6 Nc8 34. Nf3 Qxc6 35. bxc6 Ra7 36. Rxa7 Nxa7 37. c7 Kf8 38. Bg5 Bg7 39. Bd8 Ke8 40. Kf1 Kd7 41. Ng5 f5 42. Nh3 e5 43. dxe5 Bxe5 44. Bg5 Bxc7 45. Bf4 Bb6 46. Bd2 Nc6 47. Nf4 Ne7 48. Bb4 Bc7 49. Nd3 Nc6 50. Ba3 f4 51. Nc5+ Ke7 52. gxf4 Bd6 53. Ke2 Nd4+ 54. Kd3 Nf5 55. Bb4 Nxh4 56. Kd4 Bxc5+ 57. Bxc5+ Ke6 0-1

[Event "Saint John op-2"]
[Site "Saint John CAN"]
[Date "1988.??.??"]
[Round "?"]
[White "Pacey, Kevin"]
[Black "Hebert, Jean"]
[Result "0-1"]
[WhiteElo "2240"]
[BlackElo "2400"]
[PlyCount "50"]
[GameId "2160767912586840"]
[EventDate "1988.02.08"]
[EventType "swiss"]
[EventRounds "9"]
[EventCountry "CAN"]
[SourceTitle "CBM 06"]

1. e4 c5 2. Nf3 e6 3. Nc3 a6 4. g3 Nc6 5. Bg2 g6 6. d4 cxd4 7. Nxd4 Bg7 8. Nde2 Nge7 9. O-O b5 10. a3 O-O 11. Kh1 Qc7 12. Nd5 Qd8 13. Bg5 exd5 14. exd5 f6 15. dxc6 fxg5 16. c7 Qxc7 17. Bxa8 d5 18. Bxd5+ Nxd5 19. Qxd5+ Kh8 20. Qxg5 Bb7+ 21. Kg1 Qc6 22. f3 Rxf3 23. Rf2 Rf6 24. Kf1 Qh1+ 25. Ng1 Qg2+ 0-1

[Event "Saint John op-1"]
[Site "Saint John CAN"]
[Date "1988.??.??"]
[Round "?"]
[White "Clemance, Philip"]
[Black "Hebert, Jean"]
[Result "1/2-1/2"]
[WhiteElo "2315"]
[BlackElo "2400"]
[PlyCount "109"]
[GameId "2160767912587084"]
[EventDate "1988.01.24"]
[EventType "swiss"]
[EventRounds "9"]
[EventCountry "CAN"]
[SourceTitle "CBM 006"]
[Source "ChessBase"]
[SourceDate "2004.01.01"]
[SourceVersion "1"]
[SourceVersionDate "2004.01.01"]
[SourceQuality "1"]

1. e4 c5 2. Nf3 e6 3. d4 cxd4 4. Nxd4 Nc6 5. Nc3 a6 6. Be2 Qc7 7. O-O b5 8. Nxc6 Qxc6 9. Bf3 Bb7 10. e5 Qc7 11. Bf4 Ne7 12. Re1 Rc8 13. Bxb7 Qxb7 14. Ne4 Nd5 15. Bg3 Be7 16. Bh4 Bf8 17. Qf3 h6 18. Rad1 Qc6 19. Rd2 g5 20. Bg3 Be7 21. Qh5 Qc4 22. h4 Nf4 23. Bxf4 gxf4 24. Qg4 Qc7 25. Qg7 Rf8 26. Nd6+ Bxd6 27. exd6 Qd8 28. Qxh6 Rg8 29. Qxf4 Rc4 30. Re4 Qa8 31. f3 Rxe4 32. fxe4 Qd8 33. Rf2 Rg7 34. Qh6 Kf8 35. e5 Kg8 36. Qf4 Qa5 37. c3 Qxa2 38. Kh2 Qb1 39. g4 Qd1 40. Rg2 Qe1 41. g5 Qd1 42. Rf2 Qh5 43. Kh3 Qd1 44. Qf3 Qe1 45. h5 Qxe5 46. h6 Rxg5 47. Qxf7+ Kh8 48. Qf8+ Rg8 49. Qf6+ Qxf6 50. Rxf6 Kh7 51. Rf7+ Kxh6 52. Rxd7 Kg5 53. Kg3 Kf5+ 54. Kf3 Ke5 55. Ra7 1/2-1/2

[Event "Saint John op-1"]
[Site "Saint John CAN"]
[Date "1988.??.??"]
[Round "?"]
[White "Finegold, Gina Lynne"]
[Black "Hebert, Jean"]
[Result "0-1"]
[WhiteElo "2060"]
[BlackElo "2400"]
[PlyCount "124"]
[GameId "2160767912587121"]
[EventDate "1988.01.24"]
[EventType "swiss"]
[EventRounds "9"]
[EventCountry "CAN"]
[SourceTitle "CBM 006"]
[Source "ChessBase"]
[SourceDate "2004.01.01"]
[SourceVersion "1"]
[SourceVersionDate "2004.01.01"]
[SourceQuality "1"]

1. d4 Nf6 2. c4 e6 3. Nf3 c5 4. d5 exd5 5. cxd5 b5 6. Bg5 h6 7. Bxf6 Qxf6 8. Qc2 d6 9. e4 a6 10. a4 b4 11. Nbd2 Bg4 12. Be2 Nd7 13. Nc4 g6 14. h3 Bxf3 15. Bxf3 Ne5 16. Nxe5 Qxe5 17. O-O Bg7 18. Rab1 O-O 19. g3 h5 20. h4 b3 21. Qxb3 f5 22. exf5 Qxf5 23. Bg2 Bd4 24. Kh2 Rab8 25. Qc4 Bxf2 26. Qe4 Qxe4 27. Bxe4 Rb3 28. Bxg6 Bxg3+ 29. Kg2 Rxf1 30. Kxf1 Bxh4 31. Bxh5 a5 32. Ke2 Kg7 33. Kd2 Rb4 34. Kc2 Kf6 35. Be8 Rc4+ 36. Kb3 Re4 37. Bc6 Ke5 38. Kc2 Kd4 39. Rd1+ Kc4 40. Bb5+ Kb4 41. b3 Re3 42. Bc4 Rc3+ 43. Kb1 Bg5 44. Rg1 Be3 45. Re1 Bf4 46. Rf1 Be3 47. Rd1 Bd4 48. Re1 Rh3 49. Kc2 Rc3+ 50. Kb1 Rxc4 51. bxc4 Kxc4 52. Kc2 Kxd5 53. Rb1 Kc4 54. Rb5 Bc3 55. Rb3 Bb4 56. Rh3 d5 57. Rh4+ d4 58. Rg4 Bc3 59. Rg6 d3+ 60. Kd1 Kb3 61. Rg3 c4 62. Rg4 Bb2 0-1

[Event "Saint John op-1"]
[Site "Saint John CAN"]
[Date "1988.??.??"]
[Round "?"]
[White "Foisor, Ovidiu"]
[Black "Hebert, Jean"]
[Result "1-0"]
[WhiteElo "2495"]
[BlackElo "2400"]
[PlyCount "47"]
[GameId "2160767912587128"]
[EventDate "1988.01.24"]
[EventType "swiss"]
[EventRounds "9"]
[EventCountry "CAN"]
[SourceTitle "CBM 006"]
[Source "ChessBase"]
[SourceDate "2004.01.01"]
[SourceVersion "1"]
[SourceVersionDate "2004.01.01"]
[SourceQuality "1"]

1. d4 Nf6 2. c4 e6 3. Nc3 Bb4 4. e3 c5 5. Bd3 Nc6 6. Nge2 cxd4 7. exd4 d5 8. cxd5 Nxd5 9. a3 Be7 10. Bc2 O-O 11. Qd3 g6 12. h4 Nxc3 13. bxc3 e5 14. Qg3 exd4 15. h5 Bd6 16. Bf4 Bxf4 17. Nxf4 g5 18. h6 f6 19. O-O dxc3 20. Rad1 Nd4 21. Qxc3 gxf4 22. Rxd4 Qb6 23. Rxf4 Kh8 24. Re1 1-0

[Event "Saint John op-1"]
[Site "Saint John CAN"]
[Date "1988.??.??"]
[Round "?"]
[White "Hebert, Jean"]
[Black "Ivanov, Igor V"]
[Result "1/2-1/2"]
[WhiteElo "2400"]
[BlackElo "2505"]
[PlyCount "84"]
[GameId "2160767912587157"]
[EventDate "1988.01.24"]
[EventType "swiss"]
[EventRounds "9"]
[EventCountry "CAN"]
[SourceTitle "CBM 006"]
[Source "ChessBase"]
[SourceDate "2004.01.01"]
[SourceVersion "1"]
[SourceVersionDate "2004.01.01"]
[SourceQuality "1"]

1. d4 Nf6 2. c4 e6 3. Nc3 Bb4 4. e3 b6 5. Nge2 Bb7 6. a3 Bxc3+ 7. Nxc3 O-O 8. d5 c6 9. e4 cxd5 10. exd5 Na6 11. Be2 exd5 12. cxd5 Nc7 13. d6 Ne6 14. O-O Ne4 15. Nxe4 Bxe4 16. Be3 Qf6 17. b4 Rac8 18. Rc1 Rxc1 19. Qxc1 Qg6 20. f3 Bd3 21. Qd2 Bxe2 22. Qxe2 Re8 23. Qd2 h6 24. Rc1 Ng5 25. Bxg5 hxg5 26. Rc7 g4 27. fxg4 Qxg4 28. Rxa7 g6 29. Qc3 Qd1+ 30. Kf2 Re2+ 31. Kg3 Qxd6+ 32. Kf3 Re5 33. g4 Qd5+ 34. Kf2 Re8 35. Rc7 Qh1 36. Rc8 Qxh2+ 37. Kf3 Qe2+ 38. Kg3 d5 39. Rxe8+ Qxe8 40. Qd4 Qe1+ 41. Kf4 Qc1+ 42. Ke5 b5 1/2-1/2

[Event "Saint John op-1"]
[Site "Saint John CAN"]
[Date "1988.??.??"]
[Round "?"]
[White "Hebert, Jean"]
[Black "La Rota, Fabio"]
[Result "1/2-1/2"]
[WhiteElo "2400"]
[BlackElo "2295"]
[PlyCount "64"]
[GameId "2160767912587158"]
[EventDate "1988.01.24"]
[EventType "swiss"]
[EventRounds "9"]
[EventCountry "CAN"]
[SourceTitle "CBM 06"]

1. d4 Nf6 2. Nf3 e6 3. c4 d5 4. Nc3 Nbd7 5. Bg5 Bb4 6. cxd5 exd5 7. e3 c5 8. Bd3 Qa5 9. Qc2 c4 10. Bf5 O-O 11. O-O Re8 12. Nd2 Be7 13. Rfe1 Nf8 14. Bxc8 Raxc8 15. Bxf6 Bxf6 16. Qf5 Red8 17. Nf3 Rc6 18. Rad1 g6 19. Qc2 Bg7 20. h3 b5 21. a3 Qb6 22. Ne5 Rcc8 23. f4 a5 24. b4 axb4 25. axb4 Ra8 26. Ra1 Qb7 27. Qb2 Ne6 28. Rxa8 Rxa8 29. Ra1 Nc7 30. Kf2 Bf8 31. Rxa8 Qxa8 32. Nd7 Be7 1/2-1/2

[Event "Saint John op-1"]
[Site "Saint John CAN"]
[Date "1988.??.??"]
[Round "?"]
[White "Hebert, Jean"]
[Black "Minaya, Juan"]
[Result "1/2-1/2"]
[WhiteElo "2400"]
[BlackElo "2305"]
[PlyCount "59"]
[GameId "2160767912587159"]
[EventDate "1988.01.24"]
[EventType "swiss"]
[EventRounds "9"]
[EventCountry "CAN"]
[SourceTitle "CBM 006"]
[Source "ChessBase"]
[SourceDate "2004.01.01"]
[SourceVersion "1"]
[SourceVersionDate "2004.01.01"]
[SourceQuality "1"]

1. d4 Nf6 2. c4 g6 3. Nc3 Bg7 4. e4 O-O 5. Nf3 d6 6. Be2 Nbd7 7. O-O e5 8. Qc2 c6 9. Rd1 Qe7 10. Bg5 h6 11. Bh4 g5 12. Bg3 Nh5 13. d5 c5 14. h4 g4 15. Nh2 Nxg3 16. fxg3 h5 17. Rf1 Bh6 18. Qd3 Nf6 19. Rf2 Ne8 20. Raf1 Ng7 21. Rf5 Bxf5 22. exf5 e4 23. Qxe4 Qf6 24. Qc2 Rfe8 25. Kh1 Re3 26. Bxg4 Rae8 27. Qf2 Qd4 28. Nb5 Qf6 29. Nc3 Qd4 30. Nb5 1/2-1/2

[Event "Saint John op-1"]
[Site "Saint John CAN"]
[Date "1988.??.??"]
[Round "?"]
[White "Hebert, Jean"]
[Black "Popovic, Petar"]
[Result "0-1"]
[WhiteElo "2400"]
[BlackElo "2570"]
[PlyCount "80"]
[GameId "2160767912587160"]
[EventDate "1988.01.24"]
[EventType "swiss"]
[EventRounds "9"]
[EventCountry "CAN"]
[SourceTitle "CBM 06"]

1. d4 Nf6 2. c4 g6 3. Nf3 Bg7 4. Nc3 d5 5. Bg5 Ne4 6. cxd5 Nxg5 7. Nxg5 e6 8. Nf3 exd5 9. b4 Qd6 10. Qb3 Nc6 11. Nb5 Qe7 12. Rc1 Bg4 13. Qe3 Be6 14. a3 O-O 15. g3 a5 16. Nxc7 Qxc7 17. b5 Qb6 18. bxc6 bxc6 19. Qc3 Rfc8 20. Bg2 c5 21. O-O cxd4 22. Qd2 Rc3 23. Rb1 Qc5 24. a4 Rc2 25. Rb5 Qc4 26. Rxa5 Re8 27. Qf4 Rxe2 28. Ra7 d3 29. Rc7 Qxf4 30. gxf4 d2 31. h3 Bh6 32. Rc3 Bxf4 33. Rd3 Bf5 34. Rxd5 Bc2 35. Nd4 d1=Q 36. Rxd1 Bxd1 37. Nxe2 Bxe2 38. Rd7 Bc4 39. Bc6 Re6 40. Bb7 Rb6 0-1

[Event "Saint John op-1"]
[Site "Saint John CAN"]
[Date "1988.??.??"]
[Round "?"]
[White "Hebert, Jean"]
[Black "Rohde, Michael A"]
[Result "0-1"]
[WhiteElo "2400"]
[BlackElo "2555"]
[PlyCount "82"]
[GameId "2160767912587161"]
[EventDate "1988.01.24"]
[EventType "swiss"]
[EventRounds "9"]
[EventCountry "CAN"]
[SourceTitle "CBM 006"]
[Source "ChessBase"]
[SourceDate "2004.01.01"]
[SourceVersion "1"]
[SourceVersionDate "2004.01.01"]
[SourceQuality "1"]

1. Nf3 Nf6 2. c4 e6 3. g3 a6 4. Bg2 b5 5. b3 Bb7 6. O-O Be7 7. Nc3 b4 8. Na4 O-O 9. Qc2 c5 10. Bb2 Be4 11. d3 Bc6 12. d4 Be4 13. Qd2 cxd4 14. Nxd4 Bxg2 15. Kxg2 Qc7 16. f3 Qb7 17. Rfd1 d6 18. e4 Nbd7 19. Qe3 Rac8 20. Rd2 Rfe8 21. h3 h6 22. Rad1 d5 23. e5 Ne4 24. Rc2 Nec5 25. Nxc5 Bxc5 26. Qe2 Nb6 27. cxd5 Nxd5 28. Qe4 Bxd4 29. Rxc8 Rxc8 30. Bxd4 Qc7 31. Rd2 Qc1 32. Qe2 a5 33. h4 Qb1 34. Qe4 Qc1 35. Qe2 Ne7 36. Bf2 Qb1 37. Qa6 Qc1 38. Rd7 Nd5 39. h5 Qc2 40. Qb7 Ne3+ 41. Kh3 Qxf2 0-1

[Event "Saint John op-1"]
[Site "Saint John CAN"]
[Date "1988.??.??"]
[Round "?"]
[White "Vidarsson, Jon"]
[Black "Hebert, Jean"]
[Result "1/2-1/2"]
[WhiteElo "2305"]
[BlackElo "2400"]
[PlyCount "27"]
[GameId "2160767912583264"]
[EventDate "1988.01.24"]
[EventType "swiss"]
[EventRounds "9"]
[EventCountry "CAN"]
[SourceTitle "CBM 006"]
[Source "ChessBase"]
[SourceDate "2004.01.01"]
[SourceVersion "1"]
[SourceVersionDate "2004.01.01"]
[SourceQuality "1"]

1. e4 c5 2. Nf3 e6 3. d4 cxd4 4. Nxd4 Nf6 5. Bd3 Nc6 6. Nxc6 dxc6 7. O-O e5 8. Be3 Be6 9. f3 Qa5 10. Qe1 Qxe1 11. Rxe1 Nd7 12. Nd2 Bc5 13. Bc4 Ke7 14. Kf2 1/2-1/2

[Event "Quebec op"]
[Site "Montreal CAN"]
[Date "1987.07.27"]
[Round "2"]
[White "Hebert, Jean"]
[Black "McCrea, Grant"]
[Result "1-0"]
[WhiteElo "2380"]
[BlackElo "1957"]
[PlyCount "86"]
[GameId "2160767912583871"]
[EventDate "1987.07.26"]
[EventType "swiss"]
[EventRounds "8"]
[EventCountry "CAN"]
[SourceTitle "FQE 02"]

1. d4 f5 2. g3 Nf6 3. Bg2 g6 4. c4 Bg7 5. Nc3 O-O 6. Nh3 d6 7. d5 c5 8. Nf4 Na6 9. h4 Qe8 10. h5 g5 11. h6 Bh8 12. Ne6 Bxe6 13. dxe6 Nc7 14. Bxg5 Nxe6 15. Bxf6 Rxf6 16. Qd5 Qf8 17. e3 Rb8 18. Bf3 Rxh6 19. Rxh6 Bxc3+ 20. bxc3 Qxh6 21. Qxf5 Rf8 22. Qxe6+ Qxe6 23. Bd5 Qxd5 24. cxd5 b5 25. Rb1 Rb8 26. Ke2 Kg7 27. g4 Kg6 28. Kd3 Kg5 29. Rg1 b4 30. f4+ Kg6 31. Rb1 a5 32. a3 h5 33. gxh5+ Kxh5 34. cxb4 cxb4 35. axb4 axb4 36. Rb3 Kg4 37. Ke4 Rb5 38. Kd4 Kf3 39. f5 Ke2 40. e4 Kd2 41. Kc4 Kc2 42. Rxb4 Ra5 43. Kd4 Ra2 1-0

[Event "Quebec op"]
[Site "Montreal CAN"]
[Date "2008.06.01"]
[Round "3"]
[White "Duong, Thanh Nha"]
[Black "Hebert, Jean"]
[Result "1/2-1/2"]
[WhiteElo "2078"]
[BlackElo "2380"]
[PlyCount "116"]
[GameId "2160767912583889"]
[EventDate "1987.07.26"]
[EventType "swiss"]
[EventRounds "8"]
[EventCountry "CAN"]
[SourceTitle "FQE 02"]

1. d4 Nf6 2. c4 e6 3. Nf3 c5 4. d5 exd5 5. cxd5 d6 6. Nc3 g6 7. e4 Bg7 8. Bc4 O-O 9. O-O a6 10. a4 Bg4 11. h3 Bxf3 12. Qxf3 Nbd7 13. Bf4 Ne8 14. Qe2 Ne5 15. Bg3 f5 16. Bxe5 Bxe5 17. exf5 gxf5 18. Kh1 f4 19. Qf3 Ng7 20. Rae1 Kh8 21. Ne4 b6 22. b3 h5 23. Nd2 Qd7 24. Qd3 Ne8 25. Nf3 Qg7 26. Nxe5 dxe5 27. Qf3 Qg5 28. Rg1 Nd6 29. Qc3 Rfe8 30. g3 Ra7 31. Qf3 Rf7 32. gxf4 Qh6 33. Qg2 Qxf4 34. Re3 Qf5 35. Qg5 Qf4 36. Qxh5+ Rh7 37. Qg6 Qf5 38. Qg2 b5 39. Bd3 e4 40. Rg3 Qxd5 41. Rg5 Nf5 42. Bxe4 Qxe4 43. Qxe4 Rxh3+ 44. Kg2 Rxe4 45. Kxh3 Rh4+ 46. Kg2 Nd4 47. Rb1 Ne6 48. Re5 Rh6 49. Kf3 Kg7 50. Ke4 Rh4+ 51. Kd5 Nf4+ 52. Kd6 bxa4 53. bxa4 Nd3 54. Re3 Rd4+ 55. Ke7 Kg6 56. Re6+ Kf5 57. Rxa6 Nb4 58. Rf6+ Ke5 1/2-1/2

[Event "Quebec op"]
[Site "Montreal CAN"]
[Date "1987.07.29"]
[Round "4"]
[White "Hebert, Jean"]
[Black "Auger, Bertrand"]
[Result "1-0"]
[WhiteElo "2380"]
[BlackElo "1986"]
[PlyCount "122"]
[GameId "2160767912583901"]
[EventDate "1987.07.26"]
[EventType "swiss"]
[EventRounds "8"]
[EventCountry "CAN"]
[SourceTitle "FQE 02"]

1. d4 d5 2. c4 c6 3. Nf3 Nf6 4. Qc2 g6 5. Bf4 Bf5 6. Qb3 Qb6 7. Nc3 Nbd7 8. e3 Bg7 9. h3 h5 10. cxd5 Nxd5 11. Bg3 Nxc3 12. bxc3 Nc5 13. Qa3 Ne4 14. Be5 f6 15. Bh2 O-O-O 16. Bd3 Nd6 17. Bxd6 Bxd3 18. Bxe7 Rd7 19. Bc5 Qb5 20. Qb3 b6 21. Qxb5 Bxb5 22. Ba3 h4 23. Nd2 Bd3 24. Nb3 Re8 25. Kd2 Bc4 26. Rae1 f5 27. Kc2 Bh6 28. Nd2 Bf7 29. Nf3 Bxa2 30. Nxh4 Bf7 31. Nf3 Bg7 32. Ng5 Bg8 33. h4 Bf6 34. f3 Bd5 35. Kd3 b5 36. Bb4 Kb7 37. e4 Bc4+ 38. Kd2 Rh8 39. g3 Kb6 40. Bc5+ Kb7 41. Nh3 Re8 42. exf5 Rxe1 43. Rxe1 gxf5 44. Ra1 a6 45. Nf4 Bd8 46. Re1 Bc7 47. Nh5 a5 48. g4 fxg4 49. fxg4 Bd8 50. Rh1 Rh7 51. Ke3 Bd5 52. Ra1 a4 53. Nf4 Rxh4 54. Nxd5 cxd5 55. Kf4 Rh3 56. Bb4 Bc7+ 57. Kf5 Rg3 58. Rh1 Kc6 59. Rh6+ Kd7 60. Ra6 Kc8 61. Re6 Kb7 1-0

[Event "Quebec op"]
[Site "Montreal CAN"]
[Date "1987.07.30"]
[Round "5"]
[White "Ivanov, Igor V"]
[Black "Hebert, Jean"]
[Result "1-0"]
[WhiteElo "2488"]
[BlackElo "2380"]
[PlyCount "135"]
[GameId "2160767912583932"]
[EventDate "1987.07.26"]
[EventType "swiss"]
[EventRounds "8"]
[EventCountry "CAN"]
[SourceTitle "EXT 2022"]
[Source "ChessBase"]
[SourceDate "2021.10.06"]
[SourceVersion "1"]
[SourceVersionDate "2021.10.06"]
[SourceQuality "1"]

1. e4 e6 2. d4 d5 3. Nc3 Bb4 4. e5 c5 5. a3 Bxc3+ 6. bxc3 Ne7 7. Nf3 Nbc6 8. a4 Qa5 9. Qd2 Bd7 10. Bd3 b6 11. O-O c4 12. Be2 O-O 13. Ba3 f5 14. exf6 gxf6 15. Rfe1 Rf7 16. Bf1 Ng6 17. g3 Nd8 18. Bb4 Qa6 19. a5 bxa5 20. Rxa5 Qb7 21. Raa1 Qc7 22. Bg2 Nc6 23. Bc5 Rg7 24. Qc1 Rd8 25. Qh6 Bc8 26. h4 Qf7 27. h5 Nge7 28. Qf4 Qxh5 29. Qxf6 Rf8 30. Qh4 Qf5 31. Re2 Rff7 32. Bd6 Ng6 33. Qh6 Nf8 34. Bf4 Qg4 35. Re3 Rf5 36. Ne5 Nxe5 37. Bxe5 Rg6 38. Bh3 Rxh6 39. Bxg4 Rf7 40. Rf3 Rxf3 41. Bxf3 a6 42. Rb1 Nd7 43. Bd6 Kf7 44. Kg2 Kf6 45. Bg4 Rg6 46. Bh5 Rg5 47. Rh1 Rg8 48. Rh4 e5 49. f3 Ke6 50. Bc7 exd4 51. Bg4+ Rxg4 52. Rxg4 dxc3 53. Rh4 Nc5 54. Rh6+ Kf7 55. Be5 Ne6 56. f4 d4 57. f5 Ng5 58. Bxd4 Bb7+ 59. Kf2 Be4 60. Ke3 Bxc2 61. Kf4 Ne4 62. Rxh7+ Ke8 63. f6 Nxf6 64. Rh2 Nd5+ 65. Ke5 Nb4 66. Bxc3 Nd3+ 67. Ke6 Nc5+ 68. Kd5 1-0

[Event "Quebec op"]
[Site "Montreal CAN"]
[Date "1987.08.01"]
[Round "7"]
[White "Hebert, Jean"]
[Black "Spraggett, Grant"]
[Result "1-0"]
[WhiteElo "2380"]
[BlackElo "2267"]
[PlyCount "81"]
[GameId "2160767912583980"]
[EventDate "1987.07.26"]
[EventType "swiss"]
[EventRounds "8"]
[EventCountry "CAN"]
[SourceTitle "FQE 03"]

1. c4 Nf6 2. Nc3 g6 3. e4 e5 4. g3 d6 5. Bg2 Nc6 6. Nge2 Be6 7. Nd5 Bg7 8. d3 Qd7 9. Bh6 O-O 10. Nxf6+ Bxf6 11. Bxf8 Rxf8 12. O-O Ne7 13. Qd2 c5 14. b4 Nc6 15. b5 Ne7 16. Rae1 Nc8 17. f4 Bg4 18. Nc3 Bh3 19. Bxh3 Qxh3 20. f5 Bd8 21. Nd5 f6 22. fxg6 hxg6 23. Rf3 Nb6 24. Ne3 Kf7 25. Ref1 Ke6 26. Ng2 Rh8 27. Nh4 g5 28. Nf5 Rh7 29. Ne3 Qh5 30. R1f2 Nc8 31. g4 Qg6 32. Nd5 Rf7 33. Qe3 Qg7 34. Rh3 Ne7 35. Qf3 Rf8 36. Rh5 Ba5 37. Qh3 Rf7 38. Rh6 Ng6 39. Rxg6 Qxg6 40. Qh8 Kd7 41. Nxf6+ 1-0

[Event "Quebec op"]
[Site "Montreal CAN"]
[Date "1987.08.02"]
[Round "8"]
[White "Leveille, Francois"]
[Black "Hebert, Jean"]
[Result "0-1"]
[WhiteElo "2300"]
[BlackElo "2380"]
[PlyCount "72"]
[GameId "2160767912584009"]
[EventDate "1987.07.26"]
[EventType "swiss"]
[EventRounds "8"]
[EventCountry "CAN"]
[SourceTitle "FQE 03"]

1. d4 Nf6 2. c4 e6 3. Nc3 Bb4 4. Bg5 c5 5. d5 h6 6. Bh4 Bxc3+ 7. bxc3 d6 8. e3 Qe7 9. dxe6 Bxe6 10. Nf3 Nc6 11. Be2 Bf5 12. O-O g5 13. Bg3 Ne4 14. Bd3 O-O-O 15. Qc2 Qe6 16. Nd2 Rhe8 17. Rfd1 Nxg3 18. hxg3 Bxd3 19. Qxd3 h5 20. Nf3 f6 21. Rab1 Qe4 22. Qd5 Qh7 23. Rb2 g4 24. Rdb1 Na5 25. Ne1 Re5 26. Qd1 b6 27. Qa4 Qe4 28. Rb5 h4 29. gxh4 g3 30. Qc2 gxf2+ 31. Qxf2 Nxc4 32. Qxf6 Na3 33. Nf3 Nxb5 34. Rxb5 Rg8 35. Rb2 Rf5 36. Qxd6 Rxf3 0-1

[Event "Ile Jesus"]
[Site "Laval CAN"]
[Date "1987.??.??"]
[Round "?"]
[White "Hebert, Jean"]
[Black "Barbeau, Sylvain"]
[Result "1-0"]
[WhiteElo "2435"]
[BlackElo "2365"]
[PlyCount "179"]
[GameId "2160767912650292"]
[EventDate "1987.??.??"]
[EventType "swiss"]
[EventRounds "5"]
[EventCountry "CAN"]

1. d4 Nf6 2. c4 g6 3. Nc3 d5 4. Nf3 Bg7 5. Bg5 Ne4 6. cxd5 Nxg5 7. Nxg5 e6 8. Nf3 exd5 9. e3 O-O 10. b4 Be6 11. Be2 Qd6 12. Rb1 c6 13. O-O Nd7 14. b5 c5 15. dxc5 Nxc5 16. Nd4 Ne4 17. Nxe4 dxe4 18. Nxe6 Qxe6 19. Qa4 Rfe8 20. Rfd1 Rac8 21. Rbc1 Rxc1 22. Rxc1 Qe5 23. Rd1 Rc8 24. Bf1 Bf8 25. Qxa7 Rc2 26. Qa4 Rb2 27. Qd4 Qxd4 28. Rxd4 Rxa2 29. g3 b6 30. Rxe4 Bc5 31. Bc4 Ra7 32. Re8+ Kg7 33. Bd5 Rd7 34. Bc6 Re7 35. Rc8 f5 36. h4 Rf7 37. Bd5 Rd7 38. Be6 Re7 39. Rc6 Kf6 40. Bc4+ Kg7 41. Kf1 h5 42. Ke2 Rd7 43. Be6 Rd6 44. Rc7+ Kf8 45. Bc4 Bb4 46. Rf7+ Ke8 47. Rb7 Bc3 48. Kf3 Be1 49. Rc7 Kf8 50. Rc6 Bb4 51. Rc8+ Kg7 52. Rc7+ Kh6 53. Bg8 g5 54. hxg5+ Kxg5 55. Bf7 Rh6 56. Kg2 Rd6 57. Be8 Re6 58. Bd7 Rf6 59. Bc6 Bf8 60. Bb7 Kg6 61. Bf3 Rd6 62. Rc8 Rf6 63. Kh3 Kh6 64. Rc7 Bb4 65. Rc4 Be1 66. Kg2 Kg5 67. Rc6 Rh6 68. Be2 Rg6 69. Bd3 Rf6 70. Be2 Rg6 71. Bc4 Rf6 72. f4+ Kg6 73. Be2 h4 74. g4 fxg4 75. Bxg4 Kf7 76. Kf3 Ke7 77. Rxf6 Kxf6 78. e4 Bb4 79. e5+ Kg6 80. Ke4 Bd2 81. Bh3 Bc1 82. f5+ Kg5 83. Kd5 Bb2 84. Kd6 Bd4 85. Kd5 Bb2 86. f6 Bc3 87. f7 Bb4 88. Kc6 Kf4 89. e6 Kg3 90. Kd7 1-0

[Event "Ste-Therese op"]
[Site "Ste-Therese CAN"]
[Date "1986.11.01"]
[Round "1"]
[White "Hebert, Jean"]
[Black "Morin, Louis"]
[Result "1-0"]
[WhiteElo "2424"]
[BlackElo "1910"]
[PlyCount "63"]
[GameId "2160767912650709"]
[EventDate "1986.11.01"]
[EventType "swiss"]
[EventRounds "4"]
[EventCountry "CAN"]
[SourceTitle "hb 2013"]

1. e4 e5 2. Nf3 d6 3. d4 Nd7 4. Bc4 c6 5. O-O Be7 6. Qe2 Ngf6 7. a4 O-O 8. Nc3 a5 9. dxe5 dxe5 10. Bg5 Bd6 11. Rad1 Qe7 12. Nh4 g6 13. Qd2 Bb4 14. Rfe1 Nb6 15. Bb3 Be6 16. Qe3 Nbd7 17. h3 Bxb3 18. cxb3 Qe6 19. Qf3 Nh5 20. Nf5 Ndf6 21. Ne3 Kg7 22. Nc4 Nd7 23. g4 Nhf6 24. Qg3 h6 25. Bc1 g5 26. Ne3 Kg6 27. Nf5 Rfd8 28. h4 Qxb3 29. hxg5 hxg5 30. Qe3 Nh7 31. Qh3 Bf8 32. Rd6+ 1-0